[Event "Cotswold Congress 2004 Open"]
[Site "Cheltenham"]
[Date "2004.05.30"]
[Round "4"]
[White "Sisask, Jesper"]
[Black "Neat, Roger"]
[Result "1-0"]
[WhiteElo "166"]
[BlackElo "125"]
[PlyCount "77"]
[EventDate "2004.??.??"]
[TimeControl "240+2"]

1. d4 d5 2. c4 e6 3. Nc3 Be7 4. Nf3 Nf6 5. Bg5 h6 6. Bh4 O-O 7. e3 Nbd7 8. cxd5
Nxd5 9. Bxe7 Qxe7 10. Rc1 $14 Nxc3 11. Rxc3 c6 12. Bc4 Nf6 (12... e5 $11) 13.
Bd3 Nd5 14. Rc1 Bd7 15. O-O Rac8 16. e4 Nf4 17. Bb1 Rfd8 18. Qd2 Ng6 19. Qa5 a6
(19... e5 20. Qxa7 (20. dxe5 Bg4 21. Qc3 Bxf3 $15) 20... Nf4 21. Kh1 exd4 22.
Nxd4 c5 $11) 20. Rc3 Be8 21. g3 f6 22. e5 f5 (22... fxe5 23. dxe5 $11) 23. Rfc1
Rd5 24. Rc5 Rxc5 (24... Rcd8) 25. Rxc5 (25. dxc5 $14) 25... Rd8 26. a3 Rd5 27.
Rxd5 cxd5 28. Qb6 Bc6 29. Bd3 Qd7 30. Nd2 Ne7 (30... Nf8 $142) 31. Nb3 $16 Nc8
32. Qb4 Kf7 33. Nc5 Qc7 34. Be2 Qb6 35. Bh5+ g6 36. Qd2 $1 gxh5 37. Qxh6 Be8 $4
(37... Bb5) 38. Qf6+ Kg8 39. Nxe6 1-0

[Event "Cotswold Congress 2004 Open"]
[Site "Cheltenham"]
[Date "2004.05.30"]
[Round "4"]
[White "Spiller, Paul"]
[Black "Taylor, Geoffrey P"]
[Result "1-0"]
[WhiteElo "142"]
[BlackElo "159"]
[PlyCount "75"]
[EventDate "2004.??.??"]
[TimeControl "240+2"]

1. e4 c5 2. d4 cxd4 3. c3 d3 4. Bxd3 Nc6 5. c4 {For 5.Nc4 see Spiller-Bolt in
round 2.} e6 6. Nf3 Nf6 7. Nc3 d6 8. O-O Be7 9. Qe2 O-O 10. Rd1 Qc7 11. Bg5 Ne5
12. Nb5 Qb8 13. Nxe5 dxe5 14. Bc2 a6 15. Nc3 Qc7 16. Ba4 Bc5 17. Bxf6 gxf6 18.
Qg4+ Kh8 19. Qh4 Be7 20. Rd3 Rg8 21. Rh3 Rg7 22. Rd1 f5 23. Qh5 f4 24. Be8 Bg5
(24... Kg8 $142 $11) 25. Rhd3 $14 Qe7 26. Bxf7 Rxf7 27. Rd8+ Kg7 28. Re8 Qf6
29. Na4 f3 30. g3 $11 (30. h4 Bxh4 31. g3 Bg5 32. Nb6 $16) 30... b5 $2 (30...
Bd7 31. Rxa8 Bxa4 $11) 31. Nb6 Rb8 32. Rdd8 h6 (32... Qxd8 33. Rxd8 Bxd8 34.
Qxe5+) 33. Rg8+ Kh7 34. Rh8+ Qxh8 35. Rxh8+ Kxh8 36. Qxf7 Bb7 37. h4 Bxe4 38.
Nd7 1-0

[Event "Cotswold Congress 2004 Open"]
[Site "Cheltenham"]
[Date "2004.05.30"]
[Round "4"]
[White "White, Ernest M"]
[Black "Williams, Stephen"]
[Result "1-0"]
[WhiteElo "155"]
[BlackElo "160"]
[PlyCount "77"]
[EventDate "2004.??.??"]
[TimeControl "240+2"]

1. e4 d5 2. exd5 Nf6 3. Bc4 Bg4 4. f3 Bf5 5. Nc3 Nbd7 6. Nge2 Nb6 7. Bb3 Nfxd5
8. O-O e5 (8... e6 $142) 9. Nxd5 Nxd5 10. d4 Qd7 11. Ng3 O-O-O $2 12. dxe5 $2 (
12. Bxd5 $18) 12... Bc5+ 13. Kh1 $16 Be6 14. c4 (14. Ne4) 14... Nb4 (14... Ne3
15. Qxd7+ Rxd7 16. Bxe3 Bxe3 $11) 15. Bg5 Be7 16. Qxd7+ Rxd7 17. Bxe7 Rxe7 18.
Rad1 Rhe8 (18... b5 $11) 19. Nh5 $16 Bd7 20. Nxg7 Rg8 21. Nh5 Bf5 (21... Rg5
$142) 22. Nf6 Rg6 23. f4 c5 24. Nd5 Re8 25. Nxb4 Be4 26. Rf2 Reg8 27. Rdd2 cxb4
28. Bd1 b3 29. Bxb3 h5 30. Kg1 h4 31. Kf1 h3 32. g3 Rxg3 33. hxg3 Rxg3 34. Bc2
Bc6 35. Bf5+ Kc7 36. Rh2 Rf3+ 37. Rdf2 Re3 38. Rxh3 Rxh3 39. Bxh3 1-0

[Event "Cotswold Congress 2004 Open"]
[Site "Cheltenham"]
[Date "2004.05.30"]
[Round "4"]
[White "White, Michael JR"]
[Black "Curnow, David"]
[Result "1-0"]
[WhiteElo "167"]
[BlackElo "171"]
[PlyCount "67"]
[EventDate "2004.??.??"]
[TimeControl "240+2"]

{64MB, Fritz8.ctg, OEMComputer} 1. c4 Nf6 2. Nc3 g6 3. e4 d6 4. d4 Bg7 5. Nf3
O-O 6. g3 Bg4 7. Bg2 Nfd7 8. h3 Bxf3 9. Bxf3 Nc6 10. Be3 e5 11. d5 Nd4 12. Bg2
c5 13. dxc6 bxc6 14. O-O Rb8 15. Rb1 Rb4 16. b3 Nc5 17. Ne2 Nce6 18. a3 Nxe2+ (
18... Rb7 $14) 19. Qxe2 $16 Rb7 20. b4 Re8 21. Qd3 Rc7 22. a4 Nd4 23. b5 cxb5
24. cxb5 Rc3 25. Qd1 Qc7 26. Kh1 Rc8 27. Rc1 Rxc1 28. Qxc1 Qd7 29. Qb1 Rc4 30.
Bxd4 exd4 31. a5 Rc5 32. b6 Rxa5 $4 (32... axb6 33. Qxb6 $14) 33. b7 Rb5 34.
b8=Q+ 1-0

[Event "Cotswold Congress 2004 Open"]
[Site "Cheltenham"]
[Date "2004.05.30"]
[Round "4"]
[White "White, Stephen"]
[Black "Beveridge, Nigel"]
[Result "1/2-1/2"]
[WhiteElo "164"]
[BlackElo "165"]
[PlyCount "49"]
[EventDate "2004.??.??"]
[TimeControl "240+2"]

1. Nf3 d5 2. c4 e6 3. g3 Nf6 4. Bg2 c6 5. b3 Nbd7 6. Bb2 Bd6 7. O-O O-O 8. d3
Re8 9. Nbd2 e5 10. e4 Nc5 (10... d4 $15) 11. Qc2 a5 12. Nh4 dxe4 13. Nxe4 Nfxe4
14. dxe4 Qb6 15. Bc3 g6 16. Qd2 Bf8 17. Qe3 Qc7 18. Nf3 f6 19. Rfd1 Be6 20. Rd2
Na6 21. Nh4 a4 22. Kh1 (22. Rad1) 22... axb3 23. axb3 Nc5 24. Rb1 Red8 (24...
Ra3 $17) 25. Bf1 1/2-1/2

[Event "Cotswold Congress 2004 Open"]
[Site "Cheltenham"]
[Date "2004.05.31"]
[Round "5"]
[White "Beaumont, Chris"]
[Black "Spiller, Paul"]
[Result "1-0"]
[WhiteElo "213"]
[BlackElo "142"]
[PlyCount "65"]
[EventDate "2004.??.??"]

1. d4 Nf6 2. Nf3 g6 3. c4 Bg7 4. Nc3 d6 5. e4 O-O 6. Be2 e5 7. O-O Nc6 8. d5
Ne7 9. Nd2 a5 10. a3 Kh8 {[%emt 0:00:03] For 11..Bd7 see Beaumont - White Round
} 11. Rb1 Nd7 12. b4 f5 13. Qc2 Ng8 (13... axb4 14. axb4 $11) 14. Bd3 f4 15.
Be2 $14 Ngf6 16. f3 h6 (16... axb4 17. axb4 c5 $11) 17. Bb2 Kh7 18. Na4 axb4
19. axb4 c6 20. Bd3 h5 (20... Qc7 $11) 21. c5 (21. Ra1 $14) 21... dxc5 22. Nxc5
Nxc5 $6 (22... cxd5 23. exd5 Nxd5 24. Bxg6+ Kh6 $11) 23. bxc5 cxd5 24. exd5 (
24. Bxe5 $142 $16) 24... Nxd5 25. Bxg6+ Kh6 26. Nc4 (26. Bh7 $1 Bf5 27. Bxf5
Ne3 28. Qb3 Nxf1 29. Qe6+ Rf6 30. Qxe5 Qxd2 (30... Nxd2 31. Qxf4#) 31. Bc1
Qxg2+ 32. Kxg2 Rg6+ 33. Bxg6 Bxe5 34. Be4 Ne3+ 35. Kh3 $16) 26... Qg5 $2 (26...
Qc7 $142 $11) 27. Be4 Nb4 28. Qd2 Nc6 29. Qd6+ Rf6 30. Qc7 Nd4 31. Rf2 Ne6 32.
Qe7 Rb8 33. Bxe5 1-0

[Event "Cotswold Congress 2004 Open"]
[Site "Cheltenham"]
[Date "2004.05.31"]
[Round "5"]
[White "Beveridge, Nigel"]
[Black "Curnow, David"]
[Result "1-0"]
[WhiteElo "165"]
[BlackElo "171"]
[PlyCount "55"]
[EventDate "2004.??.??"]
[TimeControl "240+2"]

{64MB, Fritz8.ctg, OEMComputer} 1. e4 e5 2. Nf3 Nc6 3. Bb5 f5 4. Nc3 fxe4 5.
Nxe4 Nf6 {[%emt 0:00:03] For 5...d5 see Beveridge - E.White Round} 6. Qe2 d5 7.
Ng3 (7. Neg5 Bd6 8. Nxe5 $16) 7... Bd6 (7... e4 8. d3 Qe7 $14) 8. Bxc6+ (8.
Nxe5 O-O 9. Nxc6 bxc6 10. Bxc6 Rb8 11. O-O $14) 8... bxc6 $11 9. Nxe5 O-O 10.
O-O Re8 11. d4 c5 12. c3 cxd4 13. cxd4 c5 14. Qd3 Qb6 15. Nf5 $6 Bxe5 16. dxe5
Rxe5 $17 17. Nxg7 Ne4 (17... Qa6 18. Qc3 (18. Qg3 Qxf1+ 19. Kxf1 Ba6+ 20. Kg1
Re1#) 18... Re7 19. Bh6 Ng4 $17) 18. Bf4 Ba6 19. Qd1 Qf6 20. Bxe5 Qxe5 21. Re1
Kxg7 22. f3 Rb8 23. fxe4 dxe4 24. Qg4+ Kh8 25. Qxe4 Qxb2 26. Qe5+ Qxe5 27. Rxe5
Rc8 28. Rae1 1-0

[Event "Cotswold Congress 2004 Open"]
[Site "Cheltenham"]
[Date "2004.05.31"]
[Round "5"]
[White "Bolt, Graham"]
[Black "White, Stephen"]
[Result "1/2-1/2"]
[WhiteElo "171"]
[BlackElo "164"]
[PlyCount "77"]
[EventDate "2004.??.??"]
[TimeControl "240+2"]

{64MB, Fritz8.ctg, OEMComputer} 1. e4 e6 2. d4 d5 3. Nc3 dxe4 4. Nxe4 Nd7 5.
Nf3 Ngf6 6. Bd3 Be7 7. O-O Nxe4 8. Bxe4 Nf6 9. Bd3 O-O 10. c3 c5 11. dxc5 Bxc5
12. Bg5 $14 h6 13. Bh4 Be7 14. Qc2 Nd5 15. Bxe7 (15. Bg3 $142 Bd6 16. Bxd6 Qxd6
17. Rad1) 15... Qxe7 16. Rfe1 b6 17. Rad1 Bb7 18. Be4 Rfd8 19. Qa4 Nf6 20. Bxb7
Qxb7 21. Rd4 Rxd4 22. Qxd4 Qd5 23. Qxd5 Nxd5 24. Rd1 Rc8 25. Rd4 b5 26. g3 Kf8
27. Kf1 Ke7 28. a4 a6 29. axb5 axb5 30. Rd1 b4 $15 31. cxb4 Rc2 32. Rd2 Rc1+
33. Ke2 Nxb4 34. Ne5 Nd5 35. Nd3 Rc4 36. b3 Nc3+ 37. Kf3 Rd4 38. Ke3 Re4+ 39.
Kf3 1/2-1/2

[Event "Cotswold Congress 2004 Open"]
[Site "Cheltenham"]
[Date "2004.05.31"]
[Round "5"]
[White "Brown, Graham"]
[Black "Sisask, Jesper"]
[Result "0-1"]
[WhiteElo "169"]
[BlackElo "166"]
[PlyCount "82"]
[EventDate "2004.??.??"]
[TimeControl "240+2"]

{64MB, Fritz8.ctg, OEMComputer} 1. h3 e5 2. d4 exd4 3. Nf3 d5 4. Nxd4 Nf6 5.
Bf4 Bd6 6. Bxd6 Qxd6 7. Nc3 O-O 8. e3 c5 9. Nde2 Re8 10. Qd2 Nc6 11. O-O-O Be6
$15 12. Nf4 Rad8 (12... d4 13. exd4 cxd4 $17) 13. Bc4 Qe5 14. Nfxd5 b5 (14...
Bxd5 15. Nxd5 Nxd5 16. Bxd5 Nb4 17. e4 Nxa2+ 18. Kb1 Nb4 $15) 15. f4 $16 Qb8
16. Nxf6+ gxf6 17. Bd5 (17. Bd3 $1 c4 18. Ne4 Kg7 19. Qc3 $16) 17... b4 18. Ne4
Kg7 19. Qf2 Rxd5 20. Rxd5 Bxd5 21. Qg3+ Kf8 22. Nxf6 Rd8 23. Qg8+ (23. Nxh7+
Ke8 (23... Ke7 24. Qg5+ Kd6 25. Rd1) 24. Rd1 Be6 25. Qg8+ Ke7 26. Qg5+ Ke8 27.
Nf6+ Kf8 28. Qxc5+ Ne7 29. Rxd8+ Qxd8 30. Qxb4 $18) 23... Ke7 24. Qg5 Be6 25.
Ne4+ (25. Nxh7+ Kd7 26. Qxc5 $14) 25... Kd7 $15 26. Nxc5+ Kc8 27. Rd1 (27. Nxe6
$142 fxe6 28. Rd1 $15) 27... Rxd1+ 28. Kxd1 Qb5 29. Qg8+ (29. Nxe6 Qf1+ 30. Kd2
fxe6) 29... Nd8 30. Nxe6 fxe6 31. Ke1 h5 32. Qg5 Qc4 33. Qxh5 Qxc2 34. Qe2 Qb1+
35. Kf2 Qxa2 36. Qc2+ Kb8 37. Qd2 Nc6 38. Qd6+ $6 (38. h4) 38... Kb7 39. Qd7+
Kb6 40. Qd2 a5 41. g4 a4 $19 {And white's flag fell.} 0-1

[Event "Cotswold Congress 2004 Open"]
[Site "Cheltenham"]
[Date "2004.05.31"]
[Round "5"]
[White "Gilmour, Andrew J"]
[Black "White, Ernest M"]
[Result "1-0"]
[WhiteElo "174"]
[BlackElo "155"]
[PlyCount "63"]
[EventDate "2004.??.??"]
[TimeControl "240+2"]

{64MB, Fritz8.ctg, OEMComputer} 1. e4 e5 2. Bc4 Nf6 3. d3 c6 4. Nf3 d5 5. Bb3
Bd6 6. Nc3 d4 7. Ne2 Nbd7 8. c3 dxc3 9. bxc3 Nc5 10. Bc2 Bg4 11. Ng3 Qa5 $15
12. Bd2 Qa6 13. Qe2 O-O 14. O-O Rad8 15. h3 Bxf3 (15... Bc8 $142 $11) 16. Qxf3
$16 Rfe8 17. Nf5 Bf8 18. Bg5 Ne6 (18... Ncd7 $142) 19. Nh6+ gxh6 20. Bxf6 $18
Ng5 21. Qg3 (21. Qf5 $142) 21... Rd6 22. Bxe5 Rg6 23. d4 Qe2 24. Bd1 Qb2 25.
Bh5 Nxe4 26. Qf4 $6 (26. Qh4 $18) 26... Nxc3 $14 27. Qf3 c5 $2 (27... Ree6 $14)
28. Bxg6 Ne2+ 29. Kh1 fxg6 $2 30. Qf6 {Missing the mate.} (30. Qd5+ Re6 31.
Qxe6#) 30... cxd4 31. Qh8+ Kf7 32. Rab1 1-0

[Event "Cotswold Congress 2004 Open"]
[Site "Cheltenham"]
[Date "2004.05.31"]
[Round "5"]
[White "Neat, Roger"]
[Black "Thomas, J.."]
[Result "0-1"]
[WhiteElo "125"]
[BlackElo "139"]
[PlyCount "90"]
[EventDate "2004.??.??"]
[TimeControl "240+2"]

{64MB, Fritz8.ctg, OEMComputer} 1. d4 Nf6 2. Nf3 g6 3. Bf4 Bg7 4. e3 O-O 5. Be2
d6 6. h3 Nbd7 7. Nbd2 h6 8. O-O Nh5 9. Bh2 f5 $2 (9... c5) 10. Nh4 Qe8 11. Nxg6
Qxg6 12. Bxh5 Qg5 13. Bf4 $14 (13. c3 $142 $16) 13... Qf6 14. c3 e5 15. dxe5
dxe5 16. Bh2 Kh8 17. Be2 Qg6 18. Qc2 Bf6 19. Kh1 b6 20. Bf3 e4 21. Be2 (21.
Nxe4 $18) 21... Be5 22. Bxe5+ Nxe5 23. f4 Nd7 24. Bb5 c6 25. Bc4 b5 26. Bb3 Nc5
27. Qd1 Nd3 28. Rb1 c5 29. c4 b4 30. Qe2 Rd8 31. Bc2 Qa6 32. Bb3 (32. Bxd3 exd3
33. Qh5 $16) 32... Rb8 33. Rg1 (33. Bc2 $11) 33... Qf6 $15 34. Nf1 (34. Kh2
$142) 34... Qh4 35. Kh2 Nf2 36. Bc2 (36. Rc1 $15) 36... Ng4+ 37. Kh1 Nf2+ 38.
Kh2 Rb6 $17 39. b3 Ng4+ 40. Kh1 Nf2+ 41. Kh2 Rg6 42. Rb2 $4 (42. Bd1 $8) 42...
Rdg8 43. Bd1 Rxg2+ 44. Rxg2 Qxh3+ 45. Kg1 Rxg2# 0-1

[Event "Cotswold Congress 2004 Open"]
[Site "Cheltenham"]
[Date "2004.05.31"]
[Round "5"]
[White "Ponter, Ian"]
[Black "Purry, Chris"]
[Result "1/2-1/2"]
[WhiteElo "165"]
[BlackElo "154"]
[PlyCount "132"]
[EventDate "2004.??.??"]
[TimeControl "240+2"]

{64MB, Fritz8.ctg, OEMComputer} 1. e4 e5 2. Nf3 Nf6 3. Nxe5 d6 4. Nf3 Nxe4 5.
d4 d5 6. Bd3 Be7 7. Bf4 Nc6 8. h3 O-O 9. O-O a6 10. Nbd2 $14 Nf6 11. c3 Nh5 12.
Bh2 f5 13. Ne5 (13. Nh4 $142 g6 14. Nhf3 $16 (14. Nxf5 Bxf5 15. Bxf5 Rxf5 16.
g4 Rf6 17. gxh5 $14)) 13... Nf6 14. Nxc6 bxc6 15. Nf3 c5 16. Re1 Ne4 17. Ne5
Bd6 18. Qc2 (18. f3 $142) 18... c4 19. Bf1 f4 $2 (19... c5 $11) 20. Rxe4 $2 (
20. Bxc4 Be6 21. Rxe4 dxc4 (21... dxe4 22. Bxe6+ Kh8 23. Nf7+ $18) 22. Rxf4
Rxf4 23. Bxf4 $18) 20... dxe4 $2 (20... Bf5 21. Bxc4 dxc4 (21... Bxe4 22. Qxe4
dxc4 23. Qd5+ Kh8 24. Nf7+ Rxf7 25. Qxf7 $16) 22. Nxc4 Bxe4 23. Qxe4 Qf6 $11)
21. Qxe4 (21. Bxc4+ $142 Kh8 22. Qxe4) 21... Be6 22. Bxc4 (22. Nxc4 $16) 22...
Bxc4 23. Nxc4 $11 Qf6 24. Qd5+ Kh8 25. Re1 Rae8 26. Re4 Rxe4 27. Qxe4 Qf7 28.
b3 Qh5 29. f3 Re8 30. Ne5 Bxe5 31. dxe5 Rxe5 32. Qxf4 Re1+ 33. Kf2 Qe8 34. Qd2
Re7 35. Bf4 Rd7 36. Qe2 Qd8 (36... Qxe2+ 37. Kxe2 $14) 37. Qxa6 $16 Rd1 38. Qa5
Qe7 39. Qe5 (39. c4 $1 Qh4+ 40. Ke2 Qd8 41. Bxc7 $18) 39... Qh4+ (39... Rd2+
$142 40. Kg3 Qxe5 41. Bxe5 Rxa2) 40. g3 Qd8 41. Qe2 (41. a4 $18) 41... c6 42.
a4 h6 43. Be3 Ra1 44. Bd4 Qg5 45. f4 Qd5 $6 (45... Qf5) 46. Qe5 (46. Qe8+ Kh7
47. Qe7 $18) 46... Qxe5 47. Bxe5 (47. fxe5 $18) 47... Ra3 48. b4 Rxa4 49. Ke3
Kg8 50. Kd4 Kf7 51. Kc5 Ra6 52. Kd6 g6 53. Kc7 c5 54. bxc5 (54. b5 $1 $18)
54... Ke7 55. c6 Ra1 56. Bd4 Ra8 57. Bb6 (57. Kb7 Re8 58. c7 Kd7 59. c4 Rc8 60.
Be5 $18) 57... Ra4 58. Kb7 Rc4 59. Ba5 Ke8 60. Kb6 h5 61. Kb5 Re4 62. Kc5 Re6
63. Kd5 Rf6 64. Bc7 Rf7 65. Be5 Kd8 66. c7+ Kc8 {Both players were now in time
trouble and the rest of the game was not recorded. The final position left
white with only a king and bishop against black's king. Black had 1 second
left on his clock at this point.} 1/2-1/2

[Event "Cotswold Congress 2004 Open"]
[Site "Cheltenham"]
[Date "2004.05.31"]
[Round "5"]
[White "Sugden, John N"]
[Black "Hosken, Nigel"]
[Result "1/2-1/2"]
[WhiteElo "189"]
[BlackElo "180"]
[PlyCount "77"]
[EventDate "2004.??.??"]
[TimeControl "240+2"]

{64MB, Fritz8.ctg, OEMComputer} 1. d4 d5 2. c4 c6 3. Nf3 Nf6 4. Nc3 dxc4 5. a4
Bf5 6. e3 e6 7. Bxc4 Bb4 8. O-O Nbd7 9. Nh4 Bg6 10. g3 O-O 11. Nxg6 hxg6 12.
Qb3 Qb6 13. Na2 Be7 14. Qxb6 Nxb6 15. b3 Rfd8 16. a5 Nbd5 17. f3 Kf8 (17... b5
$142 18. Be2 b4 $11) 18. e4 $14 Nb4 19. Nxb4 Bxb4 20. Bb2 c5 21. dxc5 Bxc5+ 22.
Kh1 a6 23. Rfd1 Ke7 (23... Bb4 $142) 24. Bc3 $16 Rxd1+ 25. Rxd1 Rd8 26. Rxd8
Kxd8 27. Kg2 Ke7 28. b4 Ba7 29. b5 axb5 30. Bb4+ Kd8 31. Bxb5 Nd7 32. f4 Bc5
33. Bc3 f6 34. Kf3 Ke7 35. Bd3 Nb8 36. g4 (36. e5 $142 f5 37. h3 $16) 36... Nc6
37. Bb5 $6 (37. e5 $16) 37... Nd4+ 38. Bxd4 Bxd4 39. a6 1/2-1/2

[Event "Cotswold Congress 2004 Open"]
[Site "Cheltenham"]
[Date "2004.05.31"]
[Round "5"]
[White "Taylor, Geoffrey P"]
[Black "De Coverly, Roger D"]
[Result "0-1"]
[WhiteElo "159"]
[BlackElo "171"]
[PlyCount "118"]
[EventDate "2004.??.??"]
[TimeControl "240+2"]

{64MB, Fritz8.ctg, OEMComputer} 1. e4 e5 2. Nf3 Nc6 3. Bc4 Nf6 4. d3 Be7 5. O-O
O-O 6. Nc3 d6 7. h3 Na5 8. Qe2 a6 9. a4 Nxc4 10. dxc4 Bd7 11. Rd1 h6 12. b3 c5
(12... Qe8 $142 $11) 13. a5 $14 Qc7 14. Nh2 Rfe8 15. Nf1 Bf8 16. Ne3 $16 Bc6
17. f3 (17. Ncd5 Nxd5 18. Nxd5 Bxd5 19. Rxd5 $16) 17... Rad8 18. Bd2 Qc8 19.
Kh2 Nh5 20. Ned5 Re6 21. Qf2 (21. g4 Nf6 22. g5 $16) 21... g5 22. g4 $14 (22.
Nb6 Qb8 23. Ncd5 Rg6 24. Ne3 $16) 22... Nf4 23. Bxf4 (23. h4 $142) 23... exf4
24. Nb6 Qb8 25. Ncd5 Bg7 26. c3 Be5 27. Rd3 Kg7 28. Rg1 $11 (28. h4 Rh8 29. h5
$14) 28... Rh8 29. h4 h5 30. Rdd1 (30. Rg2 $11) 30... Qd8 $15 31. Rg2 hxg4 32.
Rxg4 Reh6 33. Rdg1 Kf8 34. Kg2 Rxh4 35. Rxh4 gxh4 $11 (35... Rxh4 36. b4 (36.
Kf1 Bxd5 37. Nxd5 Qxa5 $17) 36... g4 37. fxg4 Rxg4+ 38. Kf1 Qg5 $17) 36. Kh1
Bxd5 37. Nxd5 Qxa5 38. Qg2 h3 $4 39. Qg4 $2 (39. Qg5 f6 40. Qg7+ Ke8 41. Qe7#)
39... Qd8 40. Nxf4 h2 41. Rg2 b5 42. Qf5 (42. cxb5 axb5 $11) 42... Bxf4 43.
Qxf4 bxc4 $15 44. bxc4 Qb8 45. Rc2 (45. Qc1 $142) 45... Qb1+ 46. Rc1 Qd3 47.
Qf6 Rh5 48. Ra1 a5 49. Qf4 Rh3 50. Qg4 Qxf3+ 51. Qxf3 Rxf3 52. Rxa5 Rxc3 53. e5
dxe5 54. Rxc5 e4 55. Kxh2 Kg7 56. Kg2 Kg6 57. Kf2 f5 58. Rc8 Kg5 59. c5 Kf4 0-1

[Event "Cotswold Congress 2004 Open"]
[Site "Cheltenham"]
[Date "2004.05.31"]
[Round "5"]
[White "White, Michael JR"]
[Black "Berry, Steve"]
[Result "1/2-1/2"]
[WhiteElo "167"]
[BlackElo "213"]
[PlyCount "106"]
[EventDate "2004.??.??"]
[TimeControl "240+2"]

{64MB, Fritz8.ctg, OEMComputer Martin,Pete: 48MB, Fritz8.ctg, Pete} 1. e4 e5 2.
Nf3 Nc6 3. Bb5 a6 4. Ba4 d6 5. Bxc6+ bxc6 6. d4 f6 7. O-O Ne7 8. Qd3 Ng6 9. Be3
Be7 10. Qc4 Bd7 11. Nc3 Qb8 12. a4 a5 13. Ne2 $11 (13. Rab1 $14) 13... Qb7 14.
dxe5 (14. Nc3 $11) 14... fxe5 15. Rfd1 Qa6 16. Qxa6 Rxa6 17. Nd2 (17. Ne1 $142)
17... O-O (17... Be6 $15) 18. Nc4 Be6 19. b3 d5 20. Nb2 Raa8 21. h3 Bd6 22. Nd3
d4 23. Bd2 c5 24. Nb2 Ne7 25. Nc1 Nc6 26. Ncd3 Nb4 27. Nxb4 (27. Ne1 $11) 27...
cxb4 $15 28. Rf1 h6 29. h4 Kh7 30. Rae1 (30. f3) 30... Rae8 (30... c5 $142 31.
f3 Rac8 $17) 31. f3 Bc8 32. Nc4 Ba6 33. Nxa5 $1 Bc5 (33... Bxf1 34. Kxf1 c5 $11
) 34. Nc4 $6 (34. Nc6 Bxf1 35. Kxf1 $11) 34... Bxc4 $17 35. bxc4 Ra8 36. Kh2
Rxa4 37. Ra1 Rfa8 38. Rxa4 Rxa4 39. Rb1 Kg6 40. Kg3 Kf6 (40... Be7 $142 41. Kg4
h5+ 42. Kg3 c5 $17) 41. f4 Ra2 42. Bxb4 Bxb4 43. Rxb4 Rxc2 44. Ra4 (44. Rb5
exf4+ 45. Kxf4 Rxc4 46. Rf5+ Ke6 47. Re5+ Kf7 $15) 44... Rc3+ 45. Kg4 h5+ 46.
Kxh5 exf4 47. Ra5 g6+ $2 (47... d3 48. Kg4 (48. Rd5 c6 49. Rd8 Ke5 $19) 48...
c6 49. Ra8 Ke5 50. Re8+ Kd4 51. Kxf4 Rc1 52. Rd8+ Kc3 $19) 48. Kg4 Rxc4 49.
Kxf4 c6 50. h5 d3 51. Ke3 (51. h6 Rd4 52. Ra8 g5+ 53. Ke3 Rd7 (53... d2 $2 54.
h7) 54. Kd2 $11) 51... d2 52. Kxd2 Rxe4 53. hxg6 Rg4 1/2-1/2

[Event "Cotswold Congress 2004 Open"]
[Site "Cheltenham"]
[Date "2004.05.31"]
[Round "6"]
[White "Berry, Steve"]
[Black "Sugden, John N"]
[Result "1-0"]
[WhiteElo "213"]
[BlackElo "189"]
[PlyCount "97"]
[EventDate "2004.??.??"]
[TimeControl "600"]

1. e4 c5 2. Nf3 e6 3. d3 Nc6 4. g3 d5 5. Nbd2 g6 6. Bg2 Bg7 7. O-O Nge7 8. Re1
O-O 9. c3 Qc7 10. Qe2 e5 (10... b6 $11) 11. exd5 Nxd5 12. Nc4 $14 Bg4 13. h3
Bxf3 14. Qxf3 Rad8 15. a4 h6 16. Qe2 Kh7 17. h4 h5 18. a5 Rfe8 (18... b5 19.
axb6 axb6 $14) 19. Bg5 f6 20. Be4 $5 {Diagram # Unbalancing the position.} fxg5
21. Qxh5+ Kg8 22. Bxg6 Nf6 23. Qxg5 Re7 24. h5 Nh7 25. Bxh7+ Kxh7 26. Qg6+ Kh8
27. h6 Bf8 28. Re4 Qd7 $8 29. Rg4 Qe6 $15 30. Qe4 Qd5 (30... Rf7 $15) 31. a6
Qxe4 32. dxe4 b5 33. Ne3 Re6 34. Kg2 {Diagram #} Ne7 (34... c4 $17) 35. Ra5 Rb8
36. Ra1 Rbb6 (36... Bxh6 $142 37. Rh1 Rg8 $15) 37. Rg5 Bxh6 $11 38. Rh1 Rxa6 (
38... Kh7 $142) 39. Ng4 Kh7 40. Nxh6 Rxh6 41. Rxe5 Ng6 42. Rxh6+ Kxh6 43. Rxc5
Rb6 (43... Re6 $14) 44. b4 a6 45. f4 Nf8 46. Kf3 Nd7 47. Rc7 Nf6 48. e5 Nd5 49.
Rd7 {Diagram #} 1-0

[Event "Cotswold Congress 2004 Open"]
[Site "Cheltenham"]
[Date "2004.05.31"]
[Round "6"]
[White "Bolt, Graham"]
[Black "Brown, Graham"]
[Result "1-0"]
[WhiteElo "171"]
[BlackElo "169"]
[PlyCount "133"]
[EventDate "2004.??.??"]

1. e4 d5 2. exd5 Nf6 3. c4 e6 4. d4 exd5 5. Nc3 Bb4 6. Nf3 O-O 7. Be2 Nc6 8.
O-O dxc4 9. Bxc4 Bg4 10. a3 Bxf3 11. Qxf3 Nxd4 12. Qxb7 Rb8 13. Qa6 Bd6 14. g3
Qd7 15. Kg2 Qg4 16. Be2 Qe6 17. Qc4 Qxc4 18. Bxc4 Rfe8 19. b4 Nc2 20. Ra2 Ne1+
21. Kh1 Nf3 22. h3 Be5 23. Nd5 Ne4 24. Kg2 Nd4 25. Bd3 Nf6 26. Nxf6+ Bxf6 27.
Bf4 Ne6 28. Be3 Bd4 29. Bxd4 Nxd4 30. Rc1 Re7 31. Rc4 Rd8 32. Rd2 Red7 33. Be4
f5 34. Bc6 Rd6 35. Ba4 c6 36. Bc2 g6 37. a4 a6 38. Bb1 Kf7 39. Ba2 Kf6 40. Rc5
Rb8 41. Rb2 g5 42. Ra5 g4 43. hxg4 fxg4 44. Rxa6 Nf3 45. b5 Ke7 46. Ra7+ Kd8
47. Rxh7 cxb5 48. Rh8+ Kc7 49. Rxb8 Kxb8 50. Rxb5+ Kc7 51. Bd5 Ne5 52. Be4 Nd7
53. a5 Rd4 54. Bf5 Kc6 55. Bxd7+ Kxd7 56. a6 Ra4 57. Rb7+ Ke6 58. a7 Ra1 59. f4
Kf5 60. Kf2 Ke4 61. Re7+ Kd3 62. Rd7+ Ke4 63. Ke2 Ra2+ 64. Kd1 Kf3 65. f5 Kxg3
66. f6 Kh2 67. f7 1-0

[Event "Cotswold Congress 2004 Open"]
[Site "Cheltenham"]
[Date "2004.05.31"]
[Round "6"]
[White "Curnow, David"]
[Black "Thomas, J.."]
[Result "1-0"]
[WhiteElo "171"]
[BlackElo "139"]
[PlyCount "75"]
[EventDate "2004.??.??"]
[TimeControl "240+2"]

1. d4 Nf6 2. c4 g6 3. Nc3 Bg7 4. Nf3 O-O 5. e4 d6 6. Be2 e5 7. O-O Nc6 8. d5
Ne7 9. b4 Nd7 10. c5 (10. Be3 $142 $14) 10... dxc5 11. bxc5 Nxc5 12. Ba3 Nd7
13. Nb5 f5 $6 (13... c6 $11) 14. Ng5 Nb6 15. Nxc7 Qxc7 16. d6 Qc3 17. dxe7 Re8
(17... Qxa3 18. Bc4+ Kh8 19. Nf7+ Rxf7 20. e8=Q+ Rf8 21. Qb5) 18. Rc1 $1 Qxa3
19. Bc4+ Kh8 20. Nf7+ Kg8 21. Nh6+ Kh8 22. Nf7+ Kg8 23. Nxe5+ Kh8 24. Nf7+ Kg8
25. Nh6+ Kh8 26. Nf7+ Kg8 27. Nd6+ Kh8 28. Nxe8 Qxe7 29. Nxg7 Kxg7 30. Qd4+ Qf6
31. e5 Qg5 32. Bb3 f4 33. Rc7+ Kh6 34. e6 f3 35. Qg7+ Kh5 36. Qxh7+ Kg4 37.
Qh3+ Kf4 38. Qxf3+ 1-0

[Event "Cotswold Congress 2004 Open"]
[Site "Cheltenham"]
[Date "2004.05.31"]
[Round "6"]
[White "De Coverly, Roger D"]
[Black "White, Michael JR"]
[Result "1-0"]
[WhiteElo "171"]
[BlackElo "167"]
[PlyCount "43"]
[EventDate "2004.??.??"]

1. e4 e5 2. Nf3 Nc6 3. Bb5 f5 4. d4 fxe4 5. Bxc6 dxc6 6. Nxe5 Qh4 7. O-O Bd6 8.
f4 Bf5 9. Qe2 Nf6 10. Qc4 Rf8 11. Nc3 Ke7 $2 (11... O-O-O 12. Nf7 (12. Nxc6
bxc6 13. Qxc6 e3 $1 $17) 12... Rde8 13. Nxd6+ cxd6 14. Nb5 Kd7 $15) 12. Be3 Be6
13. Qe2 g5 $2 (13... Qh5 14. Qxh5 Nxh5 15. Nxe4 Bf5 16. Nc5 Bxc5 17. dxc5 Bxc2
$16 {With better chances for the draw}) 14. Bf2 $18 Qh6 15. fxg5 Qxg5 16. Nxe4
Nxe4 17. Qxe4 Bd5 18. Qxh7+ Rf7 19. Qh4 Rg7 20. Qxg5+ Rxg5 21. Bh4 Rag8 22. Rf5
1-0